Biện pháp quản lý công tác phối hợp với bệnh viện trong đào tạo của Trường Cao đẳng Y tế Quảng Nam

Cơ sở lý luận của quản lý công tác phối hợp đào tạo ở trường cao đẳng. Thực trạng quản lý công tác phối hợp với các bệnh viện trong hoạt động đào tạo ở trường Cao đẳng Y tế Quảng Nam. Biện pháp quản lý công tác phối hợp với các bệnh viện trong hoạt động đào tạo ở trường Cao đẳng Y tế Quảng Nam.....

全面介紹

Đã lưu trong:
書目詳細資料
主要作者: Bùi Long Ẩn
其他作者: Dương Mộng Hà TS. (Hướng dẫn)
格式: 圖書
語言:Vietnamese
出版: Đà Nẵng Đại học Đà Nẵng 2017
主題:
標簽: 添加標簽
沒有標簽, 成為第一個標記此記錄!
Thư viện lưu trữ: Mạng thư viện Đại học Đà Nẵng
LEADER 01875nam a2200349 4500
001 000024992
003 21483
005 20170419150451.0
008 170412s2017 viesd
041 |a vie 
082 1 4 |a 378.37  |b BU- 
100 1 |a Bùi Long Ẩn 
245 1 |a Biện pháp quản lý công tác phối hợp với bệnh viện trong đào tạo của Trường Cao đẳng Y tế Quảng Nam  |c Bùi Long Ẩn ; Dương Mộng Hà hướng dẫn.  |k Luận văn Thạc sĩ 
260 |a Đà Nẵng  |b Đại học Đà Nẵng  |c 2017 
300 |a 104 tr., phụ lục 19 tr.  |c 29 cm.  |e Tóm tắt 
500 |a Luận văn thạc sĩ Giáo dục học. Chuyên ngành: Quản lý giáo dục. Mã số: 60.14.01.14 
520 3 |a Cơ sở lý luận của quản lý công tác phối hợp đào tạo ở trường cao đẳng. Thực trạng quản lý công tác phối hợp với các bệnh viện trong hoạt động đào tạo ở trường Cao đẳng Y tế Quảng Nam. Biện pháp quản lý công tác phối hợp với các bệnh viện trong hoạt động đào tạo ở trường Cao đẳng Y tế Quảng Nam.. 
650 0 4 |a Giáo dục đại học  |v Luận văn tốt nghiệp  |x Giáo dục hợp tác 
653 |a Quản lý giáo dục 
653 |a Cao đẳng y tế 
653 |a Bệnh viện 
700 1 |a Dương Mộng Hà  |c TS.  |e Hướng dẫn 
OWN |a LSP 
AVA |a UDN50  |b LSP  |d 378.37 BU-  |e available  |t Error 5001 Not defined in file expand_doc_bib_avail.  |f 1  |g 0  |h N  |i 0  |k 1 
999 |a From the UDN01 
AVA |a UDN50  |b LSP  |d 378.37 BU-  |e available  |t Error 5001 Not defined in file expand_doc_bib_avail.  |f 1  |g 0  |h N  |i 0  |k 1 
TYP |a Monograph 
TYP |a Printed language 
980 |a Mạng thư viện Đại học Đà Nẵng